Normal view
MARC view
Entry Personal Name
001 - CONTROL NUMBER
- control field: 6981
003 - CONTROL NUMBER IDENTIFIER
- control field: ARRUPE
005 - DATE AND TIME OF LATEST TRANSACTION
- control field: 20140122141607.0
008 - FIXED-LENGTH DATA ELEMENTS
- fixed length control field: 140122|| aca||aabn | a|a d
040 ## - CATALOGING SOURCE
- Original cataloging agency: ARRUPE
- Transcribing agency: ARRUPE
100 ## - HEADING--PERSONAL NAME
- Personal name: Devlin, Christopher
670 ## - SOURCE DATA FOUND
- Source citation: Work cat.: (ARRUPE): Devlin, Christopher, Poor Kit Smart, 1961